| 000 | 00902nam a2200241Ia 4500 | ||
|---|---|---|---|
| 003 | OSt | ||
| 005 | 20221005105349.0 | ||
| 006 | a|||||r|||| 00| 0 | ||
| 007 | ta | ||
| 008 | 221004b |||||||| |||| 00| 0 hin d | ||
| 024 | _a30225 | ||
| 037 | _cTextual | ||
| 040 |
_aCRL _cCRL _bhin |
||
| 041 |
_2hin _ahin |
||
| 082 | _aX:3M24XM18X, 152L9 | ||
| 100 | _aस्ंिवजवुड, एलन | ||
| 245 | 0 | _aमार्क्स तथा आधुनिक सामाजिक सिद्धान्त | |
| 246 | _aMārksa tathā ādhunik sāmājik siddhānta | ||
| 260 |
_aनई दिल्ली _bदि मैकमिलन कंपनी आफ इंडिया लिमिटेड भारत _c1979 |
||
| 300 |
_a271पृ. _ccm. |
||
| 942 |
_hX:3M24XM18X, 152L9 _cTEXL _2cc |
||
| 999 |
_c1015608 _d1015608 |
||